00000000nam##2200000za#4500
0019.659392
003CaOODSP
00520200330135808
007ta
008150407|1997||||xxc|||||     f|0| 0 fre|d
020 |a0-662-63024-6
040 |aCaOODSP|bfre
041 |aeng
041 |afre
043 |an-cn---
0861 |aJ73-6/1997
1101 |aCanada.|bConseil national de prévention du crime Canada.
24510|aL'incarcération au Canada : |brapport final, janvier 1997
260 |aOttawa - Ontario : |bConseil national de prévention du crime Canada |c1997.
300 |aTexte français, 8p. : |bgraphiques, références, tableau ; |c28 cm.
500 |a«L'objet de cette publication est de donner à la population une idée générale de l'incarcération au Canada et d'encourager les échanges sur le sujet. Ce document porte sur la croissance et les coûts du système correctionnel et sur l'utilité, tant sur le plan humain qu'économique, de réfléchir à des solutions de rechange à l'incarcération.»--Page 1.
5203 |aL'objet de cette publication est de donner à la population une idée générale de l'incarcération au Canada et d'encourager les échanges sur le sujet. Ce document porte sur la croissance et les coûts du système correctionnel et sur l'utilité, tant sur le plan humain qu'économique, de réfléchir à des solutions de rechange à l'incarcération.--Page 1
546 |aBilingue
563 |aCouverture souple
590 |a97-19|b1997-05-09
69107|aEmprisonnement|2gcpds
7760#|tL'incarcération au Canada |w(CaOODSP)9.642069
7760#|tIncarceration in Canada |w(CaOODSP)9.698073
791 |tIncarceration in Canada : |eeng|w(CaOODSP)9.659391